书目信息 |
| 题名: |
摩擦系数
|
|
| 作者: | 克拉盖里斯基 , Кранелский , Виноградова , 维诺格拉陀娃 著 ;熊大〓 译 | |
| 分册: | ||
| 出版信息: | 北京 科学出版社 1957 |
|
| 页数: | 224页 | |
| 开本: | 21cm | |
| 丛书名: | ||
| 单 册: | ||
| 中图分类: | TH117 | |
| 科图分类: | ||
| 主题词: | 机械--摩擦系数 , 摩擦系数--机械 , 机械--摩擦 , 磨损 , 机械--润滑 | |
| 电子资源: | ||
| ISBN: | ||
| 000 | 01152nam0 2200361 45 980 | |
| 001 | 0662229064 | |
| 005 | 20060728083507.75 | |
| 010 | @dCNY1.30 | |
| 091 | @a13031.416 | |
| 100 | @a19970605d1957 emky0chiy0121 ea | |
| 101 | 1 | @achi@crus |
| 102 | @aCN@b110000 | |
| 105 | @afk z 000yy | |
| 106 | @ar | |
| 200 | 10 | @a摩擦系数@f(苏)克拉盖里斯基,И.В.维诺格拉陀娃,И.З.著@Ama ca ji shuo@g熊大〓译 |
| 210 | @a北京@c科学出版社@d1957 | |
| 215 | @a224页@c表,图@d21cm | |
| 300 | @a据1955年俄文版译出 | |
| 300 | @a译自:Коэффициетытрения | |
| 517 | 1 | @aКоэффициетытрения |
| 606 | @a机械--摩擦系数 | |
| 606 | @a摩擦系数--机械 | |
| 606 | 0 | @a机械@x摩擦 |
| 606 | 0 | @a磨损 |
| 606 | 0 | @a机械@x润滑 |
| 690 | @aTH117@v3 | |
| 701 | 1 | @a克拉盖里斯基@bИ.В.@f苏@4著@Ake la gai li si ji |
| 701 | A1 | @aКранелский@bИ.В.@f苏@4著@AКранелский |
| 701 | A1 | @aВиноградова@bИ.З.@f苏@4著@AВиноградова |
| 701 | 1 | @a维诺格拉陀娃@bИ.З.@f苏@4著@Awei nuo ge la tuo wa |
| 702 | 0 | @a熊大〓@4译@Axiong da〓 |
| 801 | 0 | @c20060728 |
| 905 | @a10447@dTH117@e29 | |
| 摩擦系数/(苏)克拉盖里斯基,И.В.维诺格拉陀娃,И.З.著/熊大〓译 .-北京:科学出版社,1957 |
| 224页:表,图;21cm |
| 据1955年俄文版译出.-译自:Коэффициетытрения |
| ISBN :CNY1.30 |
| ● |
| 相关链接 |
|
|
|
|
正题名:摩擦系数
索取号:TH117/29
 
预约/预借
| 序号 | 登录号 | 条形码 | 馆藏地/架位号 | 状态 | 备注 |
| 1 | 0438882 | 204388821 | 密集书库/ [索取号:TH117/29] | 在馆 |